• 首页
  • 本馆介绍
  • 公告通知
  • 最新文献
  • 馆藏检索
  • 电子资源
  • 读者导购
  • 参考咨询
  • 我的图书馆
  • 登录
  • 详细信息显示
  • 放入我的书架
  • 预约/预借图书
  • 作者相关作品
  • 分类相关作品
  • 丛书相关作品
  • 出版社相关作品

书目信息

  • 表格格式
  • 工作单格式
  • 卡片格式
题名:
阿以冲突
    
 
作者: 殷罡 主编
分册:  
出版信息: 北京   国际文化出版公司  2002
页数: 456页
开本: 20cm
丛书名:
单 册:
中图分类: D815.4
科图分类:
主题词: 中东问题--研究
电子资源:
ISBN: 7-80173-023-2
000 00734nam0 2200229 45
001 012002064882
005 20050401113259.8
010    @a7-80173-023-2@dCNY35.00
100    @a20020807d2002 em y0chiy0110 ea
101 0  @achi
102    @aCN@b110000
105    @ab z 000yy
200 1  @a阿以冲突@Aa yi chong tu@e问题与出路@f殷罡主编@FYin Gang Zhu Bian
210    @a北京@c国际文化出版公司@d2002
215    @a456页@c地图@d20cm
300    @a中国社会科学院西亚非洲研究所重点课题
330    @a本书的宗旨是对阿以冲突,特别是阿以冲突的核心问题——巴勒斯坦问题的要点进行深入客观的专题论述。
606 0  @a中东问题@x研究
690    @aD815.4@v4
701  0 @a殷罡@4主编
801  0 @aCN@bNLC@c20020822
905    @f5@b347130-134@dD815.4@e61
    
    阿以冲突:问题与出路/殷罡主编.-北京:国际文化出版公司,2002
    456页:地图;20cm
    中国社会科学院西亚非洲研究所重点课题
    
    ISBN 7-80173-023-2:CNY35.00
    本书的宗旨是对阿以冲突,特别是阿以冲突的核心问题——巴勒斯坦问题的要点进行深入客观的专题论述。
●
相关链接 在E读中查询图书 在五车中查询图书 在当当中查询图书 在豆瓣中查询图书


正题名:阿以冲突     索取号:D815.4/61         预约/预借

序号 登录号 条形码 馆藏地/架位号 状态 备注
1 0347130   203471304   第一样本阅览室/ [索取号:D815.4/61] 在馆    
2 0347131   203471313   第一借阅区/ [索取号:D815.4/61] 在馆    
3 0347132   203471322   第一借阅区/ [索取号:D815.4/61] 在馆    
4 0347133   203471331   第一借阅区/ [索取号:D815.4/61] 在馆    
5 0347134   203471340   第一借阅区/ [索取号:D815.4/61] 在馆    
唐山师范学院图书馆 欢迎您!
大连网信软件有限公司© 版权所有